| 000 | 00592nam a2200193 4500 | ||
|---|---|---|---|
| 001 | 126191 | ||
| 003 | ES-MaACL | ||
| 005 | 20230906192755.0 | ||
| 007 | t| | ||
| 008 | 070214s1982 sp r ||||1| spa d | ||
| 245 | 0 | 0 |
_aRelatos de un peregrino ruso / _cedición completa preparada por Jordi Quingles. |
| 260 |
_aMadrid : _bTaurus, _c1982. |
||
| 300 |
_a187 p. ; _c21 cm. |
||
| 490 | 1 | _aBiblioteca de estudios tradicionales | |
| 700 | 1 |
_aQuingles, Jordi. _994646 |
|
| 830 | 0 |
_aBiblioteca de estudios tradicionales _9182128 |
|
| 852 |
_aES-MaACL _jL-2495 _bR.102614 |
||
| 999 |
_c126191 _d126191 |
||